Sports Quiz

Random Sports or Baseball Quiz
Score 0/20 Timer 15:00
0 Plays Today
CF Innings Answer % Correct
2,602.0Mike Cameron
94.5%
2,303.0Ichiro Suzuki
84.9%
490.2Kyle Lewis
80.6%
3,848.0Franklin Gutiérrez
73.5%
416.1Mitch Haniger
68.6%
435.1Dee Strange-Gordon
57.8%
897.1Mallex Smith
52.3%
553.0Dustin Ackley
42.3%
2,161.0Michael Saunders
40.1%
2,234.0Jeremy Reed
36.8%
CF Innings Answer % Correct
227.0Adam Jones
33.8%
1,271.1Randy Winn
33.6%
731.1James Jones
33.2%
1,356.0Austin Jackson
30.5%
626.2Willie Bloomquist
29.8%
1,409.1Leonys Martín
28.4%
771.2Jarrod Dyson
19.5%
292.2Endy Chávez
19%
1,120.2Guillermo Heredia
15.3%
335.1Abraham Almonte
11.4%
Remove Ads.
Support Sporcle.
Get the best of Sporcle when you Go Orange. This ad-free experience offers more features, more stats, and more fun while also helping to support Sporcle. Thank you for becoming a member.

You're not logged in!

Compare scores with friends on all Sporcle quizzes.
OR
Log In

Show Comments

Extras

Top Quizzes Today


Score Distribution

Your Account Isn't Verified!

In order to create a playlist on Sporcle, you need to verify the email address you used during registration. Go to your Sporcle Settings to finish the process.

Report this User

Report this user for behavior that violates our Community Guidelines.

Details: